000 01370nam0a22003251 4500
001 rc\3576650
005 20260407050025.0
021 _aRU
_b[72-83286]
035 _a(NLR Aleph) 007802733
090 _a7688077
_c7688077
100 _a20130115d1972 |||y0rusy50 ca
101 0 _arus
102 _aRU
105 _aab z |||||
200 1 _aПедобиологическая характеристика типичных болот Литовской ССР
_fАН ЛитССР. Ин-т зоологии и паразитологии
210 _aВильнюс
_cМинтис
_d1972
215 _a247 с., 1 л. черт.
_cчерт., карт.
_d22
300 _aНа 7-й с.: подгот. С.С. Эйтманавичюс, Ю.Ю. Мальцюс, И.С. Эйтминавичюте и др.
300 _aРез. на литов. и англ. яз.
320 _aСписки лит. в конце разделов
606 _aБолота
_yЛитССР
_2psbo
702 1 _aМальцюс
_bЮ.Ю.
_4570
702 1 _aЭйтманавичюс
_bС.С.
_4570
702 1 _aЭйтминавичюте
_bИ.С.
_4570
712 0 2 _aИнститут зоологии и паразитологии
_cВильнюс
_3RU\NLR\AUTH\8810018954
_9535795
801 0 _aRU
_bNLR
_gpsbo
801 1 _aRU
_bELAR
_2rusmarc
852 _aNLR
_j72-5/3817
942 _cBOOK
980 _aNB